[Event "22nd WCh U20 Girls"]
[Site "Kochi IND"]
[Date "2004.11.20"]
[Round "1.2"]
[White "Pahtz, Elisabeth"]
[Black "Gutierrez Castillo, Paloma"]
[Result "1-0"]
[WhiteElo "2398"]
[BlackElo "2119"]
[EventDate "2004.11.20"]
[PlyCount "105"]

1.e4 e5 2.Nf3 Nc6 3.Bb5 Nf6 4.d3 d6 5.c3 g6 6.Nbd2 Bg7 7.Nf1 O-O 8.Ng3 Nd7
9.O-O Nb6 10.h3 a6 11.Bxc6 bxc6 12.d4 f6 13.Re1 a5 14.a4 Be6 15.b3 Qe7 16.
Ra2 Bf7 17.c4 Rfd8 18.Ba3 exd4 19.Nxd4 Be8 20.Rae2 c5 21.Nc2 Bc6 22.Bb2 
Qf7 23.Bc3 Ra7 24.Qd2 Rda8 25.Ne3 Bh6 26.Qc2 Bf4 27.Ngf1 Be5 28.Bd2 Nd7 
29.Nh2 Nf8 30.Neg4 Kh8 31.f4 Bd4+ 32.Kh1 h5 33.Ne3 Bxe3 34.Rxe3 Ne6 35.Bc3
Re8 36.Qd2 Rea8 37.R3e2 Rb7 38.f5 Nd4 39.Bxd4 cxd4 40.Nf3 Rxb3 41.Nxd4 Rb6
42.fxg6 Qxg6 43.Rf2 Bxe4 44.Rxe4 Qxe4 45.Nf5 Rb1+ 46.Kh2 Qe5+ 47.g3 Kg8 
48.Qh6 Kf7 49.Qh7+ Kf8 50.Nh6 Qe6 51.Qxb1 Kg7 52.Nf5+ Kf8 53.Qc1 1-0

[Event "22nd WCh U20 Girls"]
[Site "Kochi IND"]
[Date "2004.11.20"]
[Round "1.4"]
[White "Ushenina, Anna"]
[Black "Raghavi, Nagarajan"]
[Result "1-0"]
[WhiteElo "2370"]
[BlackElo "2117"]
[EventDate "2004.11.20"]
[PlyCount "29"]

1.d4 d5 2.c4 e6 3.Nc3 Be7 4.Nf3 Nf6 5.e3 O-O 6.Bd3 b6 7.cxd5 exd5 8.O-O 
Bb7 9.Qb3 Ne4 10.Ne5 f5 11.f3 Nd6 12.Qc2 Nf7 13.Nxf7 Rxf7 14.e4 Bf6 15.Be3
1-0

[Event "22nd WCh U20 Girls"]
[Site "Kochi IND"]
[Date "2004.11.20"]
[Round "1.5"]
[White "Sandhya, N."]
[Black "Motoc, Alina"]
[Result "0-1"]
[WhiteElo "2113"]
[BlackElo "2359"]
[EventDate "2004.11.20"]
[PlyCount "26"]

1.e4 c5 2.Nf3 d6 3.d4 cxd4 4.Nxd4 Nf6 5.Nc3 a6 6.Be2 e5 7.Nb3 Be7 8.O-O 
O-O 9.Kh1 Nc6 10.f4 a5 11.a4 Nb4 12.Bf3 Bd7 13.f5 Bc6 0-1

[Event "22nd WCh U20 Girls"]
[Site "Kochi IND"]
[Date "2004.11.20"]
[Round "1.7"]
[White "Ramya Krishna, Inapuri"]
[Black "Zhang Jilin"]
[Result "0-1"]
[WhiteElo "2096"]
[BlackElo "2287"]
[EventDate "2004.11.20"]
[PlyCount "118"]

1.d4 Nf6 2.c4 c5 3.d5 e6 4.Nc3 exd5 5.cxd5 d6 6.e4 g6 7.f4 Bg7 8.Nf3 O-O 
9.Be2 Re8 10.Nd2 Na6 11.O-O Nc7 12.a4 a6 13.Bf3 Rb8 14.a5 Nb5 15.Nxb5 axb5
16.e5 dxe5 17.fxe5 Nxd5 18.Nb3 Nb4 19.Qxd8 Rxd8 20.Bg5 Re8 21.Nxc5 Bxe5 
22.Kh1 Kg7 23.Rae1 Nc2 24.Rxe5 Rxe5 25.Bf4 Rxc5 26.Bxb8 b4 27.h3 Rxa5 28.
Rc1 b3 29.Rd1 Be6 30.Bf4 b5 31.Bd5 Ra1 32.Rxa1 Nxa1 33.Bc6 Bc4 34.Kg1 Nc2 
35.Be5+ f6 36.Bc3 Ne3 37.Bd4 Nf5 38.Bc3 Kf7 39.Kf2 Ke6 40.Bb7 Nd6 41.Bf3 
Bd5 42.Bg4+ f5 43.Bf3 Bxf3 44.Kxf3 Kd5 45.Ke3 Nc4+ 46.Kf4 Nd6 47.Ke3 Ne4 
48.Bg7 g5 49.Bh8 f4+ 50.Kd3 h5 51.Bg7 g4 52.hxg4 hxg4 53.Bh8 Nc5+ 54.Ke2 
Ke4 55.Bc3 f3+ 56.gxf3+ gxf3+ 57.Kf2 Nd3+ 58.Kf1 Ke3 59.Bg7 Kd2 0-1

[Event "22nd WCh U20 Girls"]
[Site "Kochi IND"]
[Date "2004.11.20"]
[Round "1.11"]
[White "Nimmy, A. G."]
[Black "Aketaeva, Dana"]
[Result "1-0"]
[WhiteElo "2063"]
[BlackElo "2223"]
[EventDate "2004.11.20"]
[PlyCount "65"]

1.e4 e5 2.Nf3 Nc6 3.Bc4 Be7 4.d4 d6 5.h3 Nf6 6.Nc3 a6 7.a4 O-O 8.O-O Re8 
9.Re1 h6 10.Be3 exd4 11.Bxd4 Nxd4 12.Qxd4 c6 13.Rad1 b5 14.e5 dxe5 15.Qxe5
Bd7 16.Bb3 bxa4 17.Bxa4 Ba3 18.Qxe8+ Nxe8 19.Bxc6 Bxb2 20.Rxd7 Qc8 21.Na4 
Ba3 22.Ne5 Nf6 23.Nb6 Qb8 24.Rb7 Qxb7 25.Bxb7 Rb8 26.Nbc4 Bb4 27.Rb1 Rxb7 
28.c3 Nd5 29.cxb4 Rxb4 30.Rxb4 Nxb4 31.Kf1 f6 32.Nd7 Kf7 33.Nc5 1-0

[Event "22nd WCh U20 Girls"]
[Site "Kochi IND"]
[Date "2004.11.20"]
[Round "1.12"]
[White "Majdan, Joanna"]
[Black "Elappen, Jenine"]
[Result "1-0"]
[WhiteElo "2219"]
[BlackElo "2031"]
[EventDate "2004.11.20"]
[PlyCount "115"]

1.e4 c5 2.Nf3 Nc6 3.d4 cxd4 4.Nxd4 Nf6 5.Nc3 e5 6.Ndb5 d6 7.Bg5 a6 8.Bxf6 
gxf6 9.Na3 b5 10.Nd5 f5 11.c3 Bg7 12.exf5 Bxf5 13.Qf3 Bd7 14.Bd3 O-O 15.
Bf5 Be6 16.Rd1 Ne7 17.Nxe7+ Qxe7 18.Be4 Ra7 19.g4 b4 20.Nb1 Bxa2 21.Qf5 
Qh4 22.Rxd6 Be6 23.Qh5 Qxh5 24.gxh5 bxc3 25.Nxc3 Re8 26.Rg1 Kh8 27.Rg3 Bh6
28.Nd5 Bf8 29.Rc6 Bxd5 30.Bxd5 Bb4+ 31.Kf1 Rd7 32.Bb3 a5 33.Ba4 Rde7 34.
Rf6 Rc8 35.Bb3 Rc1+ 36.Kg2 Rcc7 37.h6 e4 38.Rg7 Bd2 39.Rd6 Bxh6 40.Rg3 Re8
41.Rxh6 Rb7 42.Ba4 Rd8 43.b3 Rd2 44.Ra6 Rd8 45.Rxa5 Re7 46.Bc6 h6 47.Ra8 
Rxa8 48.Bxa8 f5 49.Re3 Rg7+ 50.Kh3 Rg5 51.b4 Rh5+ 52.Kg3 Rg5+ 53.Kf4 Rh5 
54.h3 Kg7 55.Ke5 Kf7 56.Bd5+ Ke7 57.Ra3 Kf8 58.Kd6 1-0

[Event "22nd WCh U20 Girls"]
[Site "Kochi IND"]
[Date "2004.11.20"]
[Round "1.13"]
[White "Ghaderpour, Shayesteh"]
[Black "Bensdorp, Marlies"]
[Result "0-1"]
[WhiteElo "2025"]
[BlackElo "2214"]
[EventDate "2004.11.20"]
[PlyCount "46"]

1.e4 e6 2.d4 d5 3.Nc3 Nf6 4.Bg5 dxe4 5.Nxe4 Be7 6.Bxf6 gxf6 7.Nf3 Nd7 8.g3
f5 9.Ned2 O-O 10.Bg2 c5 11.Nc4 Nf6 12.O-O Rb8 13.a4 Qc7 14.Qe2 Bd7 15.Qe5 
Rfc8 16.Qxc7 Rxc7 17.Nce5 Be8 18.Rfd1 Ne4 19.d5 f6 20.Nc4 exd5 21.Ne3 d4 
22.Nxf5 Bc6 23.Re1 Nxf2 0-1

[Event "22nd WCh U20 Girls"]
[Site "Kochi IND"]
[Date "2004.11.20"]
[Round "1.15"]
[White "Delphin, C."]
[Black "Van Weersel, Arlette"]
[Result "1/2-1/2"]
[WhiteElo "1998"]
[BlackElo "2184"]
[EventDate "2004.11.20"]
[PlyCount "48"]

1.e4 e5 2.Nf3 Nc6 3.Bb5 a6 4.Bxc6 dxc6 5.O-O Bg4 6.h3 h5 7.d3 Qf6 8.Be3 
Bxf3 9.Qxf3 Qxf3 10.gxf3 Bd6 11.Nd2 Ne7 12.Nc4 Ng6 13.Nxd6+ cxd6 14.Kh2 
O-O-O 15.c4 d5 16.cxd5 cxd5 17.Rac1+ Kb8 18.Bb6 Rd7 19.Rg1 d4 20.Rc5 Rh6 
21.Rgc1 Rh8 22.Bc7+ Ka8 23.Bb6 Kb8 24.Bc7+ Ka8 1/2-1/2

[Event "22nd WCh U20 Girls"]
[Site "Kochi IND"]
[Date "2004.11.20"]
[Round "1.16"]
[White "Kruttika, Nadig"]
[Black "Brekke, Jorunn"]
[Result "1-0"]
[WhiteElo "2182"]
[BlackElo "1988"]
[EventDate "2004.11.20"]
[PlyCount "55"]

1.e4 e5 2.Nf3 Nc6 3.Bb5 a6 4.Ba4 Nf6 5.O-O Nxe4 6.d4 b5 7.Bb3 d5 8.dxe5 
Be6 9.Nbd2 Be7 10.c3 O-O 11.Bc2 Nxd2 12.Qxd2 Qd7 13.Re1 Na5 14.Qd3 g6 15.
Bh6 Rfd8 16.Nd4 c5 17.Nxe6 fxe6 18.Qg3 Kf7 19.Qf4+ Ke8 20.h4 Qc7 21.h5 
gxh5 22.Bxh7 Kd7 23.Qf7 Nc6 24.f4 Rf8 25.Qxh5 Rfe8 26.f5 Nxe5 27.fxe6+ 
Kxe6 28.Qf5+ 1-0

[Event "22nd WCh U20 Girls"]
[Site "Kochi IND"]
[Date "2004.11.20"]
[Round "1.17"]
[White "Meenu, Rajendran"]
[Black "Perez Rodriguez, Jennifer"]
[Result "1-0"]
[WhiteElo "1979"]
[BlackElo "2162"]
[EventDate "2004.11.20"]
[PlyCount "77"]

1.e4 e5 2.Nf3 Nc6 3.Bc4 Nf6 4.d3 Be7 5.Nc3 O-O 6.O-O d6 7.h3 Na5 8.Bb3 
Nxb3 9.axb3 c5 10.Qe2 h6 11.Nh2 g5 12.Ng4 Nxg4 13.hxg4 Be6 14.Kh2 Qd7 15.
f3 Kg7 16.Rh1 Rh8 17.Kg1 Rh7 18.Be3 Rah8 19.Qf2 h5 20.gxh5 Rxh5 21.Rxh5 
Rxh5 22.Rxa7 Qc8 23.Nd5 Qh8 24.Qg3 Bd8 25.Ra8 g4 26.Ne7 Kf6 27.Nd5+ Bxd5 
28.exd5 gxf3 29.Qxf3+ Ke7 30.Qg3 Rh1+ 31.Kf2 Qf6+ 32.Ke2 Rh5 33.Rb8 Kd7 
34.Rxb7+ Kc8 35.Ra7 Kb8 36.Rd7 Kc8 37.Qg4 Rf5 38.Ra7 Kb8 39.Qa4 1-0

[Event "22nd WCh U20 Girls"]
[Site "Kochi IND"]
[Date "2004.11.20"]
[Round "2.1"]
[White "Bensdorp, Marlies"]
[Black "Pahtz, Elisabeth"]
[Result "0-1"]
[WhiteElo "2214"]
[BlackElo "2398"]
[EventDate "2004.11.20"]
[PlyCount "167"]

1.d4 g6 2.c4 Bg7 3.Nc3 c5 4.e3 Nf6 5.Nf3 O-O 6.Be2 cxd4 7.exd4 d5 8.c5 Nc6
9.O-O Ne4 10.Be3 Bg4 11.h3 Bxf3 12.Bxf3 f5 13.Qb3 e6 14.Bxe4 fxe4 15.Rad1 
Qd7 16.Qa4 a5 17.a3 Kh8 18.Rd2 Qe7 19.Qd1 Rad8 20.Re1 Qf7 21.Nb5 Qd7 22.
Qe2 h6 23.b3 Kh7 24.Red1 Rb8 25.Nc3 Qe7 26.Qb5 Rbd8 27.Qe2 Rd7 28.Rc1 Bf6 
29.Nb5 Qg7 30.Rcd1 Bd8 31.Qg4 Qf6 32.Rb1 Ne7 33.b4 h5 34.Qe2 Nc6 35.Nc3 
axb4 36.axb4 Bc7 37.b5 Ne7 38.b6 Bb8 39.Rf1 Qh4 40.Nb5 Nc6 41.Rdd1 Rdf7 
42.Qd2 Rf5 43.Rb1 Qe7 44.Rbc1 Qd7 45.Rb1 Qe7 46.Rbc1 g5 47.Nc7 Rg8 48.Rc3 
Rg7 49.Rb3 Qf7 50.Qd1 Kg6 51.Bc1 Bxc7 52.bxc7 Qxc7 53.Rb6 Rgf7 54.Be3 Rd7 
55.Qd2 Qd8 56.Rfb1 Rff7 57.Qb2 Qe7 58.Qc2 g4 59.hxg4 hxg4 60.g3 Rh7 61.Kg2
Qf7 62.Rg1 Qf3+ 63.Kf1 Rh2 64.Qe2 Rdh7 65.Ke1 Rh1 66.Rxh1 Rxh1+ 67.Kd2 
Qxe2+ 68.Kxe2 Rh7 69.Kd2 Kf5 70.Rb5 Rc7 71.Kc3 e5 72.Rb1 Rh7 73.Rb5 Ke6 
74.Rb6 Rf7 75.dxe5 Kxe5 76.Bf4+ Ke6 77.Kb3 Rd7 78.Kc3 d4+ 79.Kc4 d3 80.Kc3
Kf5 81.Kd2 Nd4 82.Rd6 Nb3+ 83.Kc3 Nxc5 84.Rh6 0-1

[Event "22nd WCh U20 Girls"]
[Site "Kochi IND"]
[Date "2004.11.20"]
[Round "2.2"]
[White "Stiri, Alexandra"]
[Black "Ushenina, Anna"]
[Result "0-1"]
[WhiteElo "2201"]
[BlackElo "2370"]
[EventDate "2004.11.20"]
[PlyCount "60"]

1.e4 c5 2.Nf3 g6 3.d4 Bg7 4.dxc5 Qa5+ 5.c3 Qxc5 6.Be3 Qc7 7.Qd2 Nf6 8.Bd3 
O-O 9.Na3 Nc6 10.Bh6 Rd8 11.Nb5 Qb8 12.O-O d5 13.exd5 Rxd5 14.Bxg7 Kxg7 
15.c4 Rd8 16.Qe2 a6 17.Nc3 Bg4 18.Rfd1 Nd4 19.Qe3 Bxf3 20.gxf3 e5 21.Be4 
Nh5 22.Nd5 Qd6 23.Kh1 Rac8 24.Rac1 b5 25.b3 bxc4 26.bxc4 a5 27.Rd2 f5 28.
Bb1 Qxd5 29.Bxf5 Nxf5 30.Qa7+ Qf7 0-1

[Event "22nd WCh U20 Girls"]
[Site "Kochi IND"]
[Date "2004.11.20"]
[Round "2.3"]
[White "Motoc, Alina"]
[Black "Kruttika, Nadig"]
[Result "1-0"]
[WhiteElo "2359"]
[BlackElo "2182"]
[EventDate "2004.11.20"]
[PlyCount "67"]

1.d4 Nf6 2.c4 g6 3.Nc3 d5 4.Bg5 Ne4 5.Bh4 Nxc3 6.bxc3 Bg7 7.cxd5 Qxd5 8.e3
Qa5 9.Qd2 c5 10.Rb1 a6 11.Nf3 Nc6 12.Bd3 O-O 13.O-O Bg4 14.Qe2 cxd4 15.
cxd4 e5 16.h3 Bxf3 17.Qxf3 exd4 18.exd4 Nxd4 19.Qxb7 Qxa2 20.Kh1 a5 21.Be4
Qe6 22.Be7 Rfe8 23.Bd5 Qf5 24.Rfe1 Rac8 25.g4 Qxf2 26.Bh4 Qf4 27.Bg5 Qf2 
28.Rf1 Qg3 29.Qxf7+ Kh8 30.Qxg7+ Kxg7 31.Rf7+ Kg8 32.Re7+ Kf8 33.Rf1+ Nf5 
34.Rf7+ 1-0

[Event "22nd WCh U20 Girls"]
[Site "Kochi IND"]
[Date "2004.11.20"]
[Round "2.4"]
[White "Foudzi, Siti Zulaikha"]
[Black "Karavade, Eesha"]
[Result "1-0"]
[WhiteElo "2162"]
[BlackElo "2307"]
[EventDate "2004.11.20"]
[PlyCount "101"]

1.e4 c5 2.Nc3 d6 3.f4 Nc6 4.Nf3 g6 5.Bb5 Bd7 6.d3 Bg7 7.O-O a6 8.Bxc6 Bxc6
9.Qe1 Qd7 10.Be3 Nf6 11.Kh1 O-O 12.Ng5 h6 13.Nf3 b5 14.f5 b4 15.Nd1 e6 16.
e5 dxe5 17.fxg6 fxg6 18.Bxc5 Rfc8 19.Bxb4 Bxf3 20.Rxf3 Rxc2 21.Bc3 Nd5 22.
Qe4 Rc8 23.d4 Nxc3 24.bxc3 Rd2 25.Qe3 e4 26.Qxe4 e5 27.Qe3 e4 28.Qxd2 exf3
29.gxf3 Rf8 30.Kg2 Qc6 31.Qd3 Qd5 32.Nf2 Qg5+ 33.Kh1 Qh5 34.Ng4 Qh3 35.Rf1
Rf5 36.Rf2 Qh4 37.Qe4 Qg5 38.Ne3 Ra5 39.Rg2 Qh5 40.Qxg6 Qxg6 41.Rxg6 Kf7 
42.Rg2 Ra3 43.Nd1 Bf8 44.Re2 Ra5 45.Kg2 Bg7 46.f4 Rb5 47.Rb2 Rxb2+ 48.Nxb2
Ke6 49.Kf3 Kd5 50.Ke3 Bf8 51.c4+ 1-0

[Event "22nd WCh U20 Girls"]
[Site "Kochi IND"]
[Date "2004.11.20"]
[Round "2.5"]
[White "Zhang Jilin"]
[Black "Hodova, Lucie"]
[Result "1-0"]
[WhiteElo "2287"]
[BlackElo "2118"]
[EventDate "2004.11.20"]
[PlyCount "87"]

1.e4 e5 2.Nf3 Nc6 3.Bb5 a6 4.Bxc6 dxc6 5.O-O f6 6.d4 Bg4 7.dxe5 Qxd1 8.
Rxd1 fxe5 9.Nbd2 O-O-O 10.Re1 Bd6 11.h3 Bxf3 12.Nxf3 Nf6 13.Bg5 Rdf8 14.
Rad1 h6 15.Bd2 Nd7 16.Nh4 Rf6 17.Nf5 Bc5 18.Re2 Rhf8 19.Be3 Bxe3 20.Nxe3 
Nc5 21.f3 Nd7 22.Red2 R6f7 23.Kh2 b5 24.Rd3 Nb6 25.b3 Nd7 26.h4 Re8 27.Nf5
Nf8 28.g3 Ne6 29.h5 Ng5 30.Kg2 Nh7 31.Rd6 Nf6 32.Rxc6 Kb7 33.Rc5 Nxh5 34.
Rdd5 Nf6 35.Rxe5 Rd8 36.Rc3 Rd2+ 37.Kf1 Rfd7 38.Re7 Rxe7 39.Nxe7 Rd1+ 40.
Kf2 Ra1 41.e5 Nd7 42.f4 Rxa2 43.Nd5 c5 44.e6 1-0

[Event "22nd WCh U20 Girls"]
[Site "Kochi IND"]
[Date "2004.11.20"]
[Round "2.7"]
[White "Nimmy, A. G."]
[Black "Majdan, Joanna"]
[Result "0-1"]
[WhiteElo "2063"]
[BlackElo "2219"]
[EventDate "2004.11.20"]
[PlyCount "150"]

1.e4 d5 2.exd5 Qxd5 3.Nc3 Qa5 4.d4 Nf6 5.Nf3 c6 6.Bc4 Bf5 7.O-O e6 8.Bd2 
Qc7 9.Re1 Bd6 10.h3 Nbd7 11.a3 O-O-O 12.b4 h6 13.b5 c5 14.dxc5 Bxc5 15.Qe2
g5 16.Na4 g4 17.hxg4 Bxg4 18.Nxc5 Qxc5 19.Bb3 Rhg8 20.Be3 Qc7 21.Kf1 Bxf3 
22.Qxf3 Ng4 23.Bf4 Nh2+ 24.Bxh2 Qxh2 25.g3 Qh3+ 26.Qg2 Qf5 27.a4 Nc5 28.
Re3 Rd2 29.Qf3 Qxf3 30.Rxf3 Rd7 31.Kg2 Kd8 32.Rh1 Rg6 33.Rf4 Ke7 34.Rh5 b6
35.Kf1 Rd1+ 36.Ke2 Rb1 37.Rf3 Rg4 38.Rxh6 Re4+ 39.Kd2 Ree1 40.Rf4 Kd6 41.
Rxf7 Nxb3+ 42.cxb3 Kc5 43.Rc7+ Kb4 44.Rh4+ Ka3 45.Rc3 Rbd1+ 46.Kc2 Rc1+ 
47.Kd3 Rcd1+ 48.Kc4 Re5 49.b4+ Kxa4 50.Rd4 Rb1 51.Kd3 Kxb5 52.Ra3 a6 53.
Kd2 Rb2+ 54.Kc3 Rxf2 55.Rd3 Re4 56.Ra1 Rc4+ 57.Kb3 Rxb4+ 58.Kc3 Rfb2 59.
Re1 R2b3+ 60.Kd2 Rxd3+ 61.Kxd3 Rb3+ 62.Kd4 Rxg3 63.Re5+ Ka4 64.Rxe6 Rb3 
65.Rc6 a5 66.Rc1 Kb4 67.Rc4+ Ka3 68.Kd5 b5 69.Rh4 Rc3 70.Rh5 b4 71.Kd4 a4 
72.Rh1 Kb2 73.Rh2+ Rc2 74.Rh4 a3 75.Kd3 b3 0-1

[Event "22nd WCh U20 Girls"]
[Site "Kochi IND"]
[Date "2004.11.20"]
[Round "2.8"]
[White "Korbut, Ekaterina"]
[Black "Meenu, Rajendran"]
[Result "1/2-1/2"]
[WhiteElo "2400"]
[BlackElo "1979"]
[EventDate "2004.11.20"]
[PlyCount "134"]

1.e4 e5 2.Nf3 Nc6 3.Bb5 a6 4.Ba4 Nf6 5.Qe2 b5 6.Bb3 Bc5 7.c3 d6 8.h3 O-O 
9.d3 Be6 10.Nbd2 h6 11.Nf1 Bxb3 12.axb3 d5 13.Ng3 Qd7 14.O-O dxe4 15.dxe4 
Rfd8 16.Be3 Bxe3 17.Qxe3 Qe6 18.Rfd1 Rxd1+ 19.Rxd1 Qxb3 20.Rd2 Qe6 21.Qc5 
Re8 22.Qa3 a5 23.Qc5 Qc4 24.Qe3 Qe6 25.Nh4 a4 26.Nhf5 Ne7 27.Nxe7+ Qxe7 
28.Nf5 Qe6 29.Qd3 Kh7 30.Qxb5 Nxe4 31.Re2 Nd6 32.Nxd6 Qxd6 33.Qxa4 Re7 34.
Qc2+ Qg6 35.Qxg6+ Kxg6 36.Rd2 Kf5 37.Kf1 e4 38.Ke2 Ke5 39.b4 c6 40.Ra2 Kd6
41.Ke3 f5 42.Kd4 Rb7 43.Ra4 g5 44.Ra8 Re7 45.g3 f4 46.gxf4 gxf4 47.Ra2 e3 
48.Re2 exf2 49.Rxf2 Rf7 50.Ke4 f3 51.c4 Rb7 52.Rxf3 Rxb4 53.Rf6+ Kc5 54.
Rxh6 Rxc4+ 55.Kd3 Rd4+ 56.Ke3 Rd7 57.h4 Kb5 58.h5 c5 59.Rg6 Rh7 60.h6 c4 
61.Kd4 Rd7+ 62.Kc3 Rh7 63.Rg5+ Kb6 64.Rh5 Kc6 65.Kxc4 Kd6 66.Ra5 Ke6 67.
Ra6+ Kf5 1/2-1/2

[Event "22nd WCh U20 Girls"]
[Site "Kochi IND"]
[Date "2004.11.20"]
[Round "2.10"]
[White "Van Weersel, Arlette"]
[Black "Iswarya Shobana, L."]
[Result "1-0"]
[WhiteElo "2184"]
[BlackElo "2082"]
[EventDate "2004.11.20"]
[PlyCount "74"]

1.e4 c5 2.c4 d6 3.Ne2 Nc6 4.d4 cxd4 5.Nxd4 Nf6 6.Nc3 a6 7.Be2 g6 8.Be3 Bg7
9.Nb3 Bd7 10.O-O h5 11.f3 Ne5 12.Rc1 Bc6 13.Qd2 b6 14.Nd4 Bb7 15.Na4 Nfd7 
16.b4 Nc6 17.Nb3 Nce5 18.Rfd1 Bc6 19.Nc3 Bb7 20.Nd5 Rc8 21.c5 dxc5 22.bxc5
b5 23.Na5 Bc6 24.Nb6 Nxb6 25.cxb6 Qxd2 26.Rxd2 O-O 27.Rdc2 Bd7 28.Rxc8 
Bxc8 29.b7 Be6 30.Ba7 Nd7 31.Nc6 Bh6 32.Nxe7+ Kg7 33.Rc8 Nb8 34.Bxb8 Be3+ 
35.Kf1 Bc4 36.Rxf8 Kxf8 37.Nc6 Bd2 1-0

[Event "22nd WCh U20 Girls"]
[Site "Kochi IND"]
[Date "2004.11.20"]
[Round "2.11"]
[White "Mijovic, Aleksandra"]
[Black "Delphin, C."]
[Result "1/2-1/2"]
[WhiteElo "2152"]
[BlackElo "1998"]
[EventDate "2004.11.20"]
[PlyCount "110"]

1.e4 c5 2.Nf3 Nc6 3.d4 cxd4 4.Nxd4 Nf6 5.Nc3 e5 6.Ndb5 d6 7.Bg5 a6 8.Na3 
b5 9.Nd5 Be7 10.Bxf6 Bxf6 11.c3 O-O 12.Nc2 Bg5 13.a4 bxa4 14.Rxa4 a5 15.
Bc4 Rb8 16.b3 Kh8 17.Qe2 f5 18.h4 Bc1 19.exf5 Bxf5 20.g4 Be6 21.Qd1 Bxd5 
22.Bxd5 Ne7 23.O-O Nxd5 24.Qxd5 Qxh4 25.Qg2 Bf4 26.b4 axb4 27.Nxb4 Rf7 28.
Rfa1 Rbf8 29.Ra8 g6 30.Nd5 Qh6 31.c4 Bg5 32.Nc3 Bh4 33.Ne4 Qf4 34.Rxf8+ 
Rxf8 35.Rd1 Be7 36.Rb1 Kg7 37.Rb7 Rf7 38.Rd7 Bf8 39.Rd8 Be7 40.Rd7 Qc1+ 
41.Qf1 Qxf1+ 42.Kxf1 Bf8 43.Rd8 Be7 44.Rd7 Bf8 45.Rd8 h6 46.g5 Be7 47.
gxh6+ Kxh6 48.Rd7 Rf4 49.Nxd6 Bxd6 50.Rxd6 Rxc4 51.Re6 Rc5 52.Kg2 Kg5 53.
Kg3 Kf5 54.Ra6 Rc3+ 55.Kg2 g5 1/2-1/2

[Event "22nd WCh U20 Girls"]
[Site "Kochi IND"]
[Date "2004.11.20"]
[Round "2.13"]
[White "Anuprita, Patil"]
[Black "Gutsko, Anastasia"]
[Result "0-1"]
[WhiteElo "2081"]
[BlackElo "2272"]
[EventDate "2004.11.20"]
[PlyCount "91"]

1.e4 c6 2.d4 d5 3.Nd2 dxe4 4.Nxe4 Nd7 5.Ng5 Ngf6 6.Bd3 e6 7.N1f3 Bd6 8.Qe2
h6 9.Ne4 Nxe4 10.Qxe4 Nf6 11.Qh4 Ke7 12.Bf4 Bxf4 13.Qxf4 Qb6 14.O-O-O a5 
15.Rhe1 Rd8 16.c3 a4 17.a3 Kf8 18.Ne5 Bd7 19.g4 c5 20.dxc5 Qxc5 21.g5 hxg5
22.Qxg5 Qc7 23.Rg1 Ne8 24.Qf4 f6 25.Ng6+ Kf7 26.Nh8+ Kf8 27.Qh4 Ra5 28.
Ng6+ Kf7 29.Qh8 Qc5 30.Bc2 Raa8 31.Nf4 f5 32.Qh5+ Kg8 33.Qg6 Qe7 34.Qg3 
Qf7 35.h4 Nf6 36.f3 e5 37.Nd3 e4 38.Ne5 Qe7 39.Qg5 exf3 40.Nxd7 Rxd7 41.
Rxd7 Qxd7 42.Qxf6 f2 43.Qg5 fxg1=Q+ 44.Qxg1 Rd8 45.Qg5 Qd5 46.Qe7 0-1

[Event "22nd WCh U20 Girls"]
[Site "Kochi IND"]
[Date "2004.11.20"]
[Round "2.14"]
[White "Perez Rodriguez, Jennifer"]
[Black "Ramya Krishna, Inapuri"]
[Result "0-1"]
[WhiteElo "2162"]
[BlackElo "2096"]
[EventDate "2004.11.20"]
[PlyCount "104"]

1.e4 e5 2.Nf3 Nc6 3.Nc3 Nf6 4.Bb5 Nd4 5.Nxe5 Qe7 6.Nf3 Nxb5 7.Nxb5 Qxe4+ 
8.Qe2 Qxe2+ 9.Kxe2 Nd5 10.Re1 a6 11.Nc3 Nxc3+ 12.Kf1+ Be7 13.dxc3 d6 14.
Bg5 f6 15.Re3 Kf7 16.Rae1 Re8 17.Bf4 Bd7 18.c4 Bf8 19.h4 Rxe3 20.Rxe3 Re8 
21.Rd3 Re4 22.Rd4 Rxd4 23.Nxd4 c5 24.Nb3 Bf5 25.Na1 h6 26.Ke2 g5 27.Bg3 
Be6 28.Kd3 d5 29.cxd5 Bxd5 30.f3 gxh4 31.Bxh4 Bxa2 32.b3 Bd6 33.Bf2 b5 34.
f4 c4+ 35.Kc3 cxb3 36.cxb3 Bb1 37.g3 b4+ 38.Kc4 Ke6 39.Bb6 Be7 40.Ba5 Kf5 
41.Kd5 h5 42.Bb6 Bf8 43.Bf2 Kg4 44.Ke6 Kf3 45.Bd4 Kxg3 46.f5 Kg4 47.Bxf6 
h4 48.Be5 Bxf5+ 49.Kd5 h3 50.Kc4 Be6+ 51.Kd3 Bg7 52.Bxg7 h2 0-1

[Event "22nd WCh U20 Girls"]
[Site "Kochi IND"]
[Date "2004.11.20"]
[Round "2.15"]
[White "Gutierrez Castillo, Paloma"]
[Black "Elappen, Jenine"]
[Result "1-0"]
[WhiteElo "2119"]
[BlackElo "2031"]
[EventDate "2004.11.20"]
[PlyCount "81"]

1.e4 c5 2.Nf3 Nc6 3.d4 cxd4 4.Nxd4 Nf6 5.Nc3 e5 6.Ndb5 d6 7.Bg5 a6 8.Na3 
b5 9.Bxf6 gxf6 10.Nd5 f5 11.g3 fxe4 12.Bg2 Bg7 13.Bxe4 O-O 14.Ne3 Qc7 15.
Nd5 Qd8 16.Ne3 Qc7 17.Qh5 f5 18.Nxf5 Bxf5 19.Bxf5 Bf6 20.c3 Ra7 21.O-O Qd8
22.Rad1 Rg7 23.Nc2 Kh8 24.Ne3 Ne7 25.Be4 Bg5 26.Bxh7 Rxh7 27.Qxg5 Qd7 28.
Qg4 Qc6 29.Qe6 Rff7 30.Rxd6 Qa8 31.Qxe5+ Kg8 32.Ng2 Rfg7 33.Rfd1 Qf3 34.
Rd8+ Kf7 35.Qf4+ Qxf4 36.Nxf4 Nf5 37.R8d7+ Kf6 38.Rxg7 Nxg7 39.Rd6+ Ke5 
40.Rxa6 Nf5 41.Re6# 1-0

[Event "22nd WCh U20 Girls"]
[Site "Kochi IND"]
[Date "2004.11.20"]
[Round "2.16"]
[White "Raghavi, Nagarajan"]
[Black "Ghaderpour, Shayesteh"]
[Result "0-1"]
[WhiteElo "2117"]
[BlackElo "2025"]
[EventDate "2004.11.20"]
[PlyCount "67"]

1.e4 c5 2.Nf3 d6 3.c3 Nf6 4.Bd3 g6 5.O-O Bg7 6.Bc2 Nc6 7.h3 O-O 8.d4 cxd4 
9.cxd4 Nb4 10.Bb3 d5 11.e5 Ne4 12.Re1 b6 13.Nc3 Bb7 14.Nh2 Rc8 15.Ne2 Ba6 
16.Nf4 Bc4 17.Ba4 b5 18.Bc2 Nxc2 19.Qxc2 b4 20.Qa4 a5 21.a3 b3 22.Nf1 Bxe5
23.Nxd5 Qxd5 24.dxe5 Nc5 25.Qxa5 Bxf1 26.Rxf1 Qxe5 27.Be3 Nd3 28.Qa4 Rb8 
29.Qd4 Qb5 30.Bh6 e5 31.Qe3 Nf4 32.Bxf8 Rxf8 33.a4 Qb7 34.f3 0-1

[Event "22nd WCh U20 Girls"]
[Site "Kochi IND"]
[Date "2004.11.21"]
[Round "3"]
[White "Majdan, Joanna"]
[Black "Motoc, Alina"]
[Result "1-0"]
[WhiteElo "2219"]
[BlackElo "2359"]
[EventDate "2004.11.20"]
[PlyCount "77"]

1.e4 c5 2.Nf3 d6 3.d4 cxd4 4.Nxd4 Nf6 5.Nc3 a6 6.Bg5 e6 7.f4 Qc7 8.Qf3 b5 
9.Bxf6 gxf6 10.Bd3 b4 11.Nce2 Bb7 12.Qh5 Ke7 13.g4 Nd7 14.O-O-O Qc5 15.f5 
Ne5 16.Kb1 Nxd3 17.cxd3 e5 18.Rc1 Qb6 19.Nb3 a5 20.Nd2 a4 21.Nc4 Qd8 22.g5
Bg7 23.g6 hxg6 24.Qg4 g5 25.h4 d5 26.exd5 Bxd5 27.Rh3 a3 28.b3 Bb7 29.Nxe5
fxe5 30.Qxb4+ Ke8 31.Qxb7 Rxh4 32.f6 Bxf6 33.Rf3 Be7 34.Rc7 Rh1+ 35.Nc1 
Bf6 36.Rxf6 Qxd3+ 37.Rc2 Rxc1+ 38.Kxc1 Qe3+ 39.Kb1 1-0

[Event "22nd WCh U20 Girls"]
[Site "Kochi IND"]
[Date "2004.11.21"]
[Round "3"]
[White "Ushenina, Anna"]
[Black "Foudzi, Siti Zulaikha"]
[Result "1-0"]
[WhiteElo "2370"]
[BlackElo "2162"]
[EventDate "2004.11.20"]
[PlyCount "80"]

1.d4 Nf6 2.c4 g6 3.Nc3 Bg7 4.e4 d6 5.f3 O-O 6.Bg5 h6 7.Be3 e5 8.d5 c6 9.
Qd2 cxd5 10.cxd5 Ne8 11.O-O-O Kh7 12.g4 Na6 13.Kb1 Nac7 14.Qf2 b6 15.Bd3 
Bd7 16.a3 Qb8 17.Nge2 b5 18.b4 a5 19.Nc1 Na6 20.N3a2 axb4 21.axb4 Qd8 22.
Rhg1 Rh8 23.Nb3 Kg8 24.Bb6 Qb8 25.Rc1 Bf6 26.Be3 Qd8 27.Rcf1 Kg7 28.Rg2 
Bh4 29.Qe2 Nec7 30.f4 exf4 31.Rxf4 f6 32.Bd4 Bg5 33.Rf1 Rf8 34.Qf2 Qc8 35.
Qg3 Qb7 36.h4 Nxd5 37.exd5 Qxd5 38.Rb2 Nc5 39.bxc5 dxc5 40.Bxc5 Qe6 1-0

[Event "22nd WCh U20 Girls"]
[Site "Kochi IND"]
[Date "2004.11.21"]
[Round "3"]
[White "Vinuthna, N."]
[Black "Van Weersel, Arlette"]
[Result "1-0"]
[WhiteElo "2229"]
[BlackElo "2184"]
[EventDate "2004.11.20"]
[PlyCount "67"]

1.e4 e5 2.Nf3 Nc6 3.Bb5 a6 4.Ba4 Nf6 5.Qe2 b5 6.Bb3 Bc5 7.d3 h6 8.c3 d6 9.
h3 O-O 10.Nbd2 Re8 11.Nf1 d5 12.g4 dxe4 13.dxe4 Nh7 14.Ne3 Na5 15.Bc2 Bf8 
16.Nf5 c5 17.O-O Qf6 18.a4 b4 19.Be3 b3 20.Bd3 g6 21.Ng3 c4 22.Bb1 Bg7 23.
Nd2 Qc6 24.f4 f6 25.Qf2 Nf8 26.fxe5 Rxe5 27.Bd4 Re6 28.e5 fxe5 29.Be4 Qd7 
30.Bb6 Nc6 31.Nxc4 Rf6 32.Qc5 Bb7 33.Rfd1 Qe6 34.Bd5 1-0

[Event "22nd WCh U20 Girls"]
[Site "Kochi IND"]
[Date "2004.11.21"]
[Round "3"]
[White "Gutsko, Anastasia"]
[Black "Sivasankari, P."]
[Result "1-0"]
[WhiteElo "2272"]
[BlackElo "2112"]
[EventDate "2004.11.20"]
[PlyCount "78"]

1.e4 c5 2.c3 d5 3.exd5 Qxd5 4.d4 Nc6 5.Nf3 Bg4 6.Be2 e6 7.O-O Nf6 8.Be3 
cxd4 9.cxd4 Qd8 10.Nc3 Be7 11.Qb3 Qc7 12.h3 Bh5 13.Rac1 O-O 14.d5 exd5 15.
Nxd5 Nxd5 16.Qxd5 Bxf3 17.Bxf3 Bf6 18.b4 Qe5 19.Qxe5 Nxe5 20.Bxb7 Rab8 21.
Ba6 Rfd8 22.a3 Rd7 23.Rfd1 Rxd1+ 24.Rxd1 h6 25.f4 Ng6 26.Rd7 Re8 27.Kf2 
Bb2 28.Bc4 Re7 29.Rxe7 Nxe7 30.a4 Ba3 31.b5 Nc8 32.a5 Bd6 33.b6 axb6 34.
Ba6 Ne7 35.Bxb6 Nd5 36.Bd4 Bxf4 37.Bb7 Nb4 38.Kf3 Bb8 39.Ke4 f6 1-0

[Event "22nd WCh U20 Girls"]
[Site "Kochi IND"]
[Date "2004.11.21"]
[Round "3"]
[White "Meenu, Rajendran"]
[Black "Kavitha, J. E."]
[Result "1/2-1/2"]
[WhiteElo "1979"]
[BlackElo "2088"]
[EventDate "2004.11.20"]
[PlyCount "56"]

1.e4 c5 2.Nc3 Nc6 3.f4 g6 4.Nf3 Bg7 5.Bc4 d6 6.O-O e6 7.f5 exf5 8.d3 Nge7 
9.Qe1 Ne5 10.Bb3 O-O 11.Qh4 Kh8 12.Ng5 h6 13.Nf3 N7c6 14.Qxd8 Rxd8 15.Bd5 
Rb8 16.a4 Be6 17.Nxe5 Nxe5 18.exf5 Bxf5 19.h3 b6 20.Bf4 Rd7 21.Rae1 Be6 
22.Bxe6 fxe6 23.Nb5 Rf8 24.Bg3 Rxf1+ 25.Kxf1 Kg8 26.Nxd6 Rxd6 27.Bxe5 Bxe5
28.Rxe5 Kf7 1/2-1/2